000 00837nas a2200277 4500
001 BR8303927
003 BR-BrBNA
005 20231205085629.0
007 ta
008 230509b bl.|||p| |||| 00| 00por d
040 _aBR-BrBNA
_bpor
_cBiblioteca Nacional de Agricultura
041 _a(Pt)
072 _aH60
100 1 _aMastrocola, M.A.
100 1 _aPaulino, V.T.
100 1 _aAlmeida, J.E. de
100 1 _aCruz, L.S.P.
100 1 _aSantos, C.A.L. dos
245 1 _aSensibilidade de leguminosas forrageiras a herbicidas em pos-emergencia
650 _aLEGUMINOSA FORRAGEIRA
650 _aHERBICIDA
650 _aPOS-EMERGENCIA
773 0 _tBoletim de Industria Animal (Brazil)
_xISSN 0067-9615
_g(Jan-Jun 1983), v. 40(1) p. 159-168
_wBR8303927
909 _a202311
_bLúcia
_c55
_dLúcia Elande
942 _2AGRIS
_n0
_cANA
999 _c112652
_d112652